| 000 | 00375nam a2200145 i 4500 | ||
|---|---|---|---|
| 001 | 37480 | ||
| 003 | ES-MaACL | ||
| 005 | 20230906155600.0 | ||
| 007 | t| | ||
| 008 | 030305q19001915xxu ||||1| eng d | ||
| 245 | 0 | 0 | _aImmediate causes of the present conflict in Mexico. |
| 260 |
_a[S.l. : _bs.n., _c191?] |
||
| 300 |
_a21 p. : _bil. ; _c23 cm. |
||
| 852 |
_aES-MaACL _j1498-F-4 |
||
| 999 |
_c37480 _d37480 |
||